Normal view
MARC view
- Dunham, Margaret H
Entry Personal Name
001 - CONTROL NUMBER
- control field: 59210
003 - CONTROL NUMBER IDENTIFIER
- control field: NUST
005 - DATE AND TIME OF LATEST TRANSACTION
- control field: 20210628202310.0
008 - FIXED-LENGTH DATA ELEMENTS
- fixed length control field: 210628|| aca||aabn | a|a d
040 ## - CATALOGING SOURCE
- Original cataloging agency: NUST
- Transcribing agency: NUST
100 ## - HEADING--PERSONAL NAME
- Personal name: Dunham, Margaret H
670 ## - SOURCE DATA FOUND
- Source citation: Work cat.: (NUST): Dunham, Margaret H, Data mining introductory and advanced topics, 2013
